00490nam a2200157Ia 450000500170000000800410001708200130005810000180007124500250008926000380011430000130015250000470016594200060021295200990021899900150031720250313143638.0240331s9999 xx 000 0 und d bIDDa894 aIddamaguru, S 0aVedangal :borr aivu aChennaibAlaikal Publishersc1994 a144 p ., aVedhangal patriye mukkiyathuvam, Varalarum cL 001040708LaWERCLbWERCLcSSCd2024-03-31l0o 894.811 IDDp2227r2024-03-31w2024-03-31yL c3870d3870